<?xml version="1.0" encoding="UTF-8"?>
<collection xmlns="http://www.loc.gov/MARC21/slim">
 <record>
  <leader>01620nam a22002775a 4500</leader>
  <controlfield tag="001">EAD.ead002633</controlfield>
  <controlfield tag="008">110322s2011####ag#######b####010#0#spa#d</controlfield>
  <controlfield tag="005">20250516104644.0</controlfield>
  <datafield tag="245" ind1="1" ind2="0">
   <subfield code="a">Decisiones de inversión :</subfield>
   <subfield code="b">métodos de evaluación, riesgo y flexibilidad estratégica /</subfield>
   <subfield code="c">Autores: Fabio Rotstein y colaboradores.</subfield>
  </datafield>
  <datafield tag="260" ind1=" " ind2=" ">
   <subfield code="a">Bahía Blanca :</subfield>
   <subfield code="b">Induvio Editora,</subfield>
   <subfield code="c">2011.</subfield>
  </datafield>
  <datafield tag="300" ind1=" " ind2=" ">
   <subfield code="a">163 p. ;</subfield>
   <subfield code="c">29 cm. +</subfield>
   <subfield code="e">1 CD-ROM.</subfield>
  </datafield>
  <datafield tag="500" ind1=" " ind2=" ">
   <subfield code="a">El CD-ROM complementario incluye dos proyectos de inversión (Bar temático - Carpintería de aluminio).</subfield>
  </datafield>
  <datafield tag="504" ind1=" " ind2=" ">
   <subfield code="a">Incluye referencias bibliográficas.</subfield>
  </datafield>
  <datafield tag="505" ind1="0" ind2=" ">
   <subfield code="a">Componentes microeconómicos de las decisiones de inversión / Hernán P. Vigier -- Tópicos sobre flujo de fondos / Juan I. Esandi -- Métodos de evaluación financiera tradicionales / Gastón S. Milanesi, Anahí E. Briozzo -- Situaciones especiales en la evaluación de proyectos de inversión / Anahí Briozzo -- Incertidumbre y riesgo / Gabriela Pesce -- Árboles de decisión, opciones reales y enfoque integrado en mercados completos e incompletos / Gastón S. Milanesi.</subfield>
  </datafield>
  <datafield tag="020" ind1=" " ind2=" ">
   <subfield code="a">9789871519163</subfield>
  </datafield>
  <datafield tag="700" ind1="1" ind2=" ">
   <subfield code="a">Rotstein, Fabio.</subfield>
  </datafield>
  <datafield tag="082" ind1="0" ind2="4">
   <subfield code="a">658.15</subfield>
   <subfield code="2">21</subfield>
  </datafield>
  <datafield tag="653" ind1=" " ind2=" ">
   <subfield code="a">Decisiones financieras</subfield>
  </datafield>
  <datafield tag="650" ind1=" " ind2="7">
   <subfield code="a">Cash Flow.</subfield>
   <subfield code="2">isoc</subfield>
  </datafield>
  <datafield tag="650" ind1=" " ind2="7">
   <subfield code="a">Evaluación de proyectos.</subfield>
   <subfield code="2">unbist</subfield>
  </datafield>
  <datafield tag="650" ind1=" " ind2="7">
   <subfield code="a">Riesgo.</subfield>
   <subfield code="2">unbist</subfield>
  </datafield>
  <datafield tag="650" ind1=" " ind2="7">
   <subfield code="a">Opciones.</subfield>
   <subfield code="2">isoc</subfield>
  </datafield>
  <datafield tag="653" ind1=" " ind2=" ">
   <subfield code="a">Bibliografía básica (CP)</subfield>
  </datafield>
  <datafield tag="859" ind1=" " ind2=" ">
   <subfield code="a">AR-BaBDC</subfield>
   <subfield code="b">BIB. ADMINISTRACION - Libros</subfield>
   <subfield code="h">658.15</subfield>
   <subfield code="i">R747</subfield>
   <subfield code="p">b06352</subfield>
  </datafield>
  <datafield tag="859" ind1=" " ind2=" ">
   <subfield code="a">AR-BaBDC</subfield>
   <subfield code="b">BIB. ADMINISTRACION - Libros</subfield>
   <subfield code="h">658.15</subfield>
   <subfield code="i">R747</subfield>
   <subfield code="p">b06923</subfield>
   <subfield code="t">Ej.2</subfield>
  </datafield>
  <datafield tag="859" ind1=" " ind2=" ">
   <subfield code="a">AR-BaBDC</subfield>
   <subfield code="b">BIB. ADMINISTRACION - Libros</subfield>
   <subfield code="h">658.15</subfield>
   <subfield code="i">R747</subfield>
   <subfield code="k">CD</subfield>
   <subfield code="p">b06353</subfield>
   <subfield code="3">CD-ROM</subfield>
  </datafield>
 </record>
</collection>
